MARC
| LEADER | 00000 a a2200000 04500 | ||
|---|---|---|---|
| 001 | 21338 | ||
| 003 | |||
| 040 | |||
| 090 | |a 093500 | ||
| 110 | |a Dirección Sectorial de Comunicación y Propaganda | ||
| 245 | |a Carta informativa: resumen 1983 / |c Dirección Sectorial de Comunicación y Propaganda | ||
| 260 | |a Managua: |b JGRN | ||
| 300 | |a 58 p. | ||
| 710 | |a DISCOP |a JGRN. Dirección General de Divulgación y Prensa | ||
| 999 | |c 16650 |d 16650 | ||
